|
|
|
|
| LEADER |
00791nab a2200205 i 4500 |
| 001 |
acta45200 |
| 005 |
20260224081030.0 |
| 008 |
170330s2008 hu o 000 eng d |
| 022 |
|
|
|a 1789-1353
|
| 040 |
|
|
|a SZTE Egyetemi Kiadványok Repozitórium
|b hun
|
| 041 |
|
|
|a eng
|
| 100 |
1 |
|
|a Sarnyai Csaba
|
| 245 |
1 |
0 |
|a Dve sud'by
|h [elektronikus dokumentum] :
|b "Lesnoj car'" Žukovskogo i "Spasova mogila" Elina Pelina /
|c Sarnyai Csaba
|
| 260 |
|
|
|c 2008
|
| 300 |
|
|
|a 301-306
|
| 490 |
0 |
|
|a Studia Hungaro-Bulgarica
|v 2
|
| 695 |
|
|
|a Orosz irodalom - költészet - 20. sz. - tanulmányok, Bolgár irodalom - próza - tanulmányok
|
| 700 |
0 |
1 |
|a Žukovskij Vasilij Andreevič
|
| 700 |
0 |
3 |
|a Elin Pelin
|
| 856 |
4 |
0 |
|u http://acta.bibl.u-szeged.hu/45200/1/studia_hungaro-bulgarica_002_301-306.pdf
|z Dokumentum-elérés
|